| 000 | 00645nam a2200205 u 4500 | ||
|---|---|---|---|
| 005 | 20230204064052.0 | ||
| 008 | 130509s2012 r 000 0 eng d | ||
| 020 | _a9786071711311 | ||
| 035 | _aUPN01000190983 | ||
| 049 | _aCG | ||
| 050 | 4 |
_aHD60 _bR4.8 |
|
| 245 | 0 | 0 |
_aResponsabilidad social organizacional / _ccoord. María Antonieta Rebeil Corella. |
| 260 |
_aMéxico : _bTrillas, _c2012. |
||
| 300 |
_a325 p. : _bgráfs., cuadros |
||
| 650 | 4 |
_aRESPONSABILIDAD SOCIAL DE LAS EMPRESAS _99881 |
|
| 650 | 2 |
_aComunicación organizacional _912506 |
|
| 700 | 1 |
_aRebeil Corella, María Antonieta, _ecoord. |
|
| 905 | _aLibro | ||
| 999 |
_c163086 _d163086 |
||